Sahītyika vāda / (Record no. 53649)
[ view plain ]
| 000 -LEADER | |
|---|---|
| fixed length control field | 00595cam a22002291 4500 |
| 001 - CONTROL NUMBER | |
| control field | sa 63000828 |
| 003 - CONTROL NUMBER IDENTIFIER | |
| control field | DLC |
| 005 - DATE AND TIME OF LATEST TRANSACTION | |
| control field | 20260227111923.0 |
| 008 - FIXED-LENGTH DATA ELEMENTS--GENERAL INFORMATION | |
| fixed length control field | 891031s1962 ii 000 0 hino |
| 010 ## - LIBRARY OF CONGRESS CONTROL NUMBER | |
| LC control number | sa 63000828 |
| 035 ## - SYSTEM CONTROL NUMBER | |
| System control number | (OCoLC)20578009 |
| 040 ## - CATALOGING SOURCE | |
| Original cataloging agency | DLC |
| Transcribing agency | WaU |
| Modifying agency | DLC |
| 042 ## - AUTHENTICATION CODE | |
| Authentication code | premarc |
| 043 ## - GEOGRAPHIC AREA CODE | |
| Geographic area code | a-ii--- |
| 050 00 - LIBRARY OF CONGRESS CALL NUMBER | |
| Classification number | PK2031 |
| Item number | .B5 |
| 100 1# - MAIN ENTRY--PERSONAL NAME | |
| Personal name | Saroja, Bhārata Bhūshaṇa. |
| 245 10 - TITLE STATEMENT | |
| Title | Sahītyika vāda / |
| Statement of responsibility, etc. | Bhārata Bhūshaṇa "Saroja". |
| 260 ## - PUBLICATION, DISTRIBUTION, ETC. | |
| Date of publication, distribution, etc. | [1962] |
| 300 ## - PHYSICAL DESCRIPTION | |
| Extent | 156 p. |
| Dimensions | 18 cm. |
| 546 ## - LANGUAGE NOTE | |
| Language note | In Hindi. |
| 650 #0 - SUBJECT ADDED ENTRY--TOPICAL TERM | |
| Topical term or geographic name entry element | Hindi literature |
| General subdivision | History and criticism. |
No items available.